[Event "BL Meisterschaftsturnier 2020"]
[Site "Karlsruhe"]
[Date "2020.09.19"]
[Round "5.2"]
[White "Koch, Thomas"]
[Black "Fedorchuk, Sergey A."]
[Result "0-1"]
[WhiteElo "2461"]
[BlackElo "2615"]
[Annotator "TA"]
[PlyCount "54"]
[EventDate "2020.09.16"]
[EventType "team-tourn"]
[EventCountry "GER"]
[SourceTitle "playchess.com"]
[Source "ChessBase"]
[SourceQuality "1"]
[WhiteTeam "Aachen"]
[BlackTeam "Viernheim"]

{[%evp 18,54,12,22,22,7,9,10,18,0,16,4,12,-20,-26,-21,-29,-54,-20,-40,-56,-64,-71,-62,0,-9,0,-9,0,0,31,18,16,41,26,0,17,0,-7]} 1. d4 Nf6 2. c4 e6 3. Nf3 b6 4. g3 Ba6 5. b3 c6 6. Bg2 Bb4+ 7. Bd2 Be7 8. Bc3 d5 9. Nbd2 Nbd7 10. O-O Rc8 {E15: Queen's Indian: 4 g3 sidelines, 4 g3 Ba6 and 4 g3 Bb7 early deviations.} 11. a4 {[%cal Ba2a4,Ba4a5,Ba5a6][%mdl 32]} O-O 12. a5 {[#]} Bb7 $146 ({Predecessor:} 12... b5 13. c5 Ne4 14. Nxe4 dxe4 15. Ne1 f5 16. Nc2 Nf6 17. f3 Nd5 18. Be1 exf3 19. Bxf3 {1-0 (58) Bonte,A (2338)-Filip,A (1964) Satu Mare 2019}) 13. Ra2 Qc7 14. Qb1 c5 15. a6 Ba8 16. Rd1 Rfd8 17. Ra1 Qb8 18. Qb2 dxc4 19. bxc4 cxd4 20. Nxd4 Bc5 (20... Bxg2 $15 21. Kxg2 Ne5) 21. Nb5 $11 Ng4 22. Bd4 Bxg2 23. Kxg2 e5 24. Bxc5 Nxc5 25. h3 Nf6 26. Qa3 Ne6 27. Nf3 e4 {[%mdl 32768] Accuracy: White = 86%, Black = 80%. . Loss on time!?} ({Of course not} 27... Rxc4 28. Rxd8+ Qxd8 29. Nxa7 $16) 0-1

[Event "BL Meisterschaftsturnier 2020"]
[Site "Karlsruhe"]
[Date "2020.09.19"]
[Round "5.3"]
[White "Aronian, Levon"]
[Black "Areshchenko, Alexander"]
[Result "1/2-1/2"]
[WhiteElo "2773"]
[BlackElo "2678"]
[Annotator "TA"]
[PlyCount "41"]
[EventDate "2020.09.16"]
[EventType "team-tourn"]
[EventCountry "GER"]
[SourceTitle "playchess.com"]
[Source "ChessBase"]
[SourceQuality "1"]
[WhiteTeam "Baden-Baden"]
[BlackTeam "Werder Bremen"]

{[%evp 9,41,0,20,7,5,8,0,0,0,-1,4,-20,-15,-11,-8,2,-10,-68,-56,-46,-4,-11,-12,-6,-11,-10,-12,-28,-25,-62,-37,-47,0,0]} 1. c4 c5 2. Nc3 g6 3. g3 Bg7 4. Bg2 Nc6 5. d3 d6 6. Qd2 {A36: Symmetrical English vs ...g6: 4 Bg2 Bg7.} Nf6 7. b3 O-O 8. Bb2 e6 9. e3 d5 10. Nge2 dxc4 11. bxc4 {[#]} Qd7 $146 ({Predecessor:} 11... Ne5 12. Rd1 Qa5 13. f4 Nc6 14. O-O e5 15. Nd5 Qd8 16. Nec3 exf4 17. Nxf6+ Bxf6 18. Rxf4 {1-0 (67) Mendez Acosta,A (1811)-Hoyas Cebrian,L (1983) Tenerife 2016}) 12. Rd1 b6 13. d4 ({Better is} 13. O-O $11) 13... Bb7 $15 {Strongly threatening ...cxd4.} 14. dxc5 Qxd2+ 15. Rxd2 Na5 16. Bxb7 Nxb7 17. cxb6 axb6 18. O-O Na5 19. c5 Nc4 20. Rc2 Nxb2 21. Rxb2 {Accuracy: White = 84%, Black = 86%.} 1/2-1/2

[Event "BL Meisterschaftsturnier 2020"]
[Site "Karlsruhe"]
[Date "2020.09.19"]
[Round "5.3"]
[White "Abergel, Thal"]
[Black "Vandenbussche, Thibaut"]
[Result "1-0"]
[WhiteElo "2460"]
[BlackElo "2435"]
[Annotator "ChessBase"]
[PlyCount "159"]
[EventDate "2020.09.16"]
[EventType "team-tourn"]
[EventCountry "GER"]
[SourceTitle "playchess.com"]
[Source "ChessBase"]
[SourceQuality "1"]
[WhiteTeam "Viernheim"]
[BlackTeam "Aachen"]
[TimeControl "40/5400+30:1800+30"]

1. e4 {[%emt 0:00:00]} d6 {[%emt 0:00:49]} 2. d4 {[%emt 0:00:00]} Nf6 {[%emt 0:00:05]} 3. Nc3 {[%emt 0:00:00]} e5 {[%emt 0:00:09]} 4. Nf3 {[%emt 0:00:30]} Nbd7 {[%emt 0:00:09]} 5. Bc4 {[%emt 0:00:17]} Be7 {[%emt 0:00:05]} 6. O-O {[%emt 0:00:42]} O-O {[%emt 0:00:05]} 7. a4 {[%emt 0:00:39]} a6 {[%emt 0:02:15]} 8. a5 {[%emt 0:00:25]} exd4 {[%emt 0:02:20]} 9. Qxd4 {[%emt 0:03:16]} h6 {[%emt 0:00:08]} 10. h3 {[%emt 0:02:07]} Ne5 {[%emt 0:01:04]} 11. Be2 {[%emt 0:03:28]} Be6 {[%emt 0:04:54]} 12. Rd1 {[%emt 0:03:48]} c5 13. Qe3 {[%emt 0:08:19]} Qc7 {[%emt 0:07:01]} 14. Nxe5 {[%emt 0:04:33]} dxe5 {[%emt 0:00:09]} 15. Nd5 {[%emt 0:05:21]} Bxd5 {[%emt 0:09:00]} 16. exd5 {[%emt 0:00:03]} e4 {[%emt 0:00:50]} 17. Qb3 {[%emt 0:09:04]} Bd6 {[%emt 0:05:10]} 18. Be3 Rae8 {[%emt 0:05:33]} 19. Qc4 {[%emt 0:09:19]} Qe7 {[%emt 0:07:14]} 20. c3 {[%emt 0:00:17]} Rc8 {[%emt 0:07:37]} 21. Bf1 {[%emt 0:09:12]} Nd7 {[%emt 0:06:01]} 22. Qe2 {[%emt 0:01:43]} f5 {[%emt 0:03:49]} 23. f4 {[%emt 0:04:07]} exf3 {[%emt 0:05:37]} 24. Qxf3 {[%emt 0:01:11]} Ne5 {[%emt 0:01:23]} 25. Qe2 {[%emt 0:00:39]} f4 {[%emt 0:05:41]} 26. Bf2 {[%emt 0:00:39]} f3 {[%emt 0:01:47]} 27. Qe4 {[%emt 0:01:04]} fxg2 {[%emt 0:01:15]} 28. Bxg2 {[%emt 0:02:17]} Qg5 {[%emt 0:03:51]} 29. h4 {[%emt 0:01:50]} Qh5 {[%emt 0:01:30]} 30. Bh3 {[%emt 0:01:16]} Rce8 {[%emt 0:09:22]} 31. Be6+ {[%emt 0:00:46]} Kh8 {[%emt 0:00:22]} 32. Kg2 {[%emt 0:06:14]} Ng6 33. Qg4 {[%emt 0:03:12]} Qe5 {[%emt 0:03:20]} 34. Bg3 {[%emt 0:00:48]} Nf4+ {[%emt 0:00:14]} 35. Kh2 {[%emt 0:00:10]} h5 {[%emt 0:02:15]} 36. Qf3 {[%emt 0:00:14]} Nxe6 {[%emt 0:02:13]} 37. Bxe5 {[%emt 0:01:06]} Bxe5+ {[%emt 0:00:21]} 38. Kg2 {[%emt 0:00:05]} Rxf3 {[%emt 0:00:18]} 39. Kxf3 {[%emt 0:00:04]} Nf8 {[%emt 0:00:53]} 40. Ra4 {[%emt 0:02:32]} Nd7 {[%emt 0:01:57]} 41. Re4 {[%emt 0:31:25]} Kg8 {[%emt 0:03:33]} 42. Ke2 {[%emt 0:00:00]} Kf7 43. Rf1+ Ke7 {[%emt 0:03:42]} 44. Rf5 {[%emt 0:00:00]} Kd6 {[%emt 0:00:15]} 45. c4 {[%emt 0:00:00]} Re7 {[%emt 0:04:21]} 46. b3 {[%emt 0:00:00]} Nf6 {[%emt 0:07:34]} 47. Re3 {[%emt 0:00:00]} Ng4 48. Re4 g6 {[%emt 0:08:00]} 49. Rf8 {[%emt 0:00:00]} Bf6 {[%emt 0:00:34]} 50. Rxe7 {[%emt 0:00:00]} Bxe7 {[%emt 0:03:56]} 51. Rg8 {[%emt 0:00:00]} Bxh4 {[%emt 0:01:20]} 52. Rxg6+ {[%emt 0:00:00]} Bf6 {[%emt 0:01:41]} 53. Rg8 Ne5 54. Rb8 {[%emt 0:00:00]} Kc7 {[%emt 0:00:36]} 55. Rf8 Nd7 {[%emt 0:00:13]} 56. Rf7 {[%emt 0:00:00]} h4 {[%emt 0:01:20]} 57. Rh7 Bc3 {[%emt 0:01:28]} 58. Rxh4 {[%emt 0:00:00]} Bxa5 {[%emt 0:00:04]} 59. Kd3 {[%emt 0:00:00]} Be1 {[%emt 0:00:55]} 60. Rh7 {[%emt 0:00:00]} Bg3 {[%emt 0:01:22]} 61. Ke4 {[%emt 0:00:00]} b5 {[%emt 0:01:31]} 62. Kf5 {[%emt 0:00:00]} Kc8 {[%emt 0:00:49]} 63. Rh6 {[%emt 0:00:16]} Kb7 {[%emt 0:00:36]} 64. Ke6 {[%emt 0:00:10]} Nb6 {[%emt 0:00:31]} 65. Rh7+ {[%emt 0:00:44]} Kb8 {[%emt 0:00:14]} 66. Rh3 {[%emt 0:04:02]} Bf4 {[%emt 0:00:36]} 67. Rf3 {[%emt 0:01:59]} Bh2 {[%emt 0:00:06]} 68. cxb5 {[%emt 0:00:35]} axb5 {[%emt 0:00:01]} 69. d6 {[%emt 0:00:18]} c4 {[%emt 0:00:46]} 70. b4 {[%emt 0:04:45]} Na4 {[%emt 0:01:33]} 71. Rf5 {[%emt 0:00:51]} Kb7 {[%emt 0:00:36]} 72. d7 {[%emt 0:01:05]} Bc7 {[%emt 0:00:09]} 73. Rxb5+ {[%emt 0:00:50]} Kc6 {[%emt 0:00:07]} 74. Rb8 {[%emt 0:08:42]} c3 {[%emt 0:00:10]} 75. b5+ {[%emt 0:01:30]} Kc5 {[%emt 0:00:09]} 76. Rc8 {[%emt 0:00:05]} Kxb5 {[%emt 0:01:50]} 77. Rxc7 {[%emt 0:00:12]} Nc5+ {[%emt 0:00:20]} 78. Rxc5+ {[%emt 0:00:12]} Kxc5 {[%emt 0:00:03]} 79. d8=Q {[%emt 0:00:07]} Kb4 {[%emt 0:00:05]} 80. Qd1 {[%emt 0:00:13]} 1-0

[Event "BL Meisterschaftsturnier 2020"]
[Site "Karlsruhe"]
[Date "2020.09.19"]
[Round "5.4"]
[White "Efimenko, Zahar"]
[Black "Wojtaszek, Radoslaw"]
[Result "1/2-1/2"]
[WhiteElo "2602"]
[BlackElo "2717"]
[Annotator "TA"]
[PlyCount "40"]
[EventDate "2020.09.16"]
[EventType "team-tourn"]
[EventCountry "GER"]
[SourceTitle "playchess.com"]
[Source "ChessBase"]
[SourceQuality "1"]
[WhiteTeam "Werder Bremen"]
[BlackTeam "Baden-Baden"]

{[%evp 23,40,11,24,8,16,0,24,30,33,33,33,33,24,10,28,15,25,35,14]} 1. e4 c5 2. Nf3 d6 3. d4 cxd4 4. Nxd4 Nf6 5. Nc3 a6 6. Be2 e5 7. Nb3 Be7 8. O-O O-O 9. Be3 Be6 10. Qd2 Nbd7 11. a4 Rc8 12. a5 Re8 13. Rfd1 {B92: Sicilian Najdorf: 6 Be2.} h6 14. Nc1 {[#]} Ng4 $1 $146 {[%mdl 8] An important novelty.} ({Predecessor:} 14... Qc7 15. f3 Red8 16. Qe1 Qc6 17. Qd2 Qc7 18. Qe1 {½-½ (18) Firnhaber,I (2485)-Kunzelmann,F (2487) ICCF email 2017}) 15. Bxg4 {White has an edge.} Bxg4 16. f3 Be6 17. N1e2 Qc7 18. Kh1 Nf6 19. Ng3 Qc6 20. Bb6 Nd7 1/2-1/2

[Event "BL Meisterschaftsturnier 2020"]
[Site "Karlsruhe"]
[Date "2020.09.19"]
[Round "5.4"]
[White "Piceu, Tom"]
[Black "Tarlev, Konstantin"]
[Result "0-1"]
[WhiteElo "2347"]
[BlackElo "2561"]
[Annotator "TA"]
[PlyCount "54"]
[EventDate "2020.09.16"]
[EventType "team-tourn"]
[EventCountry "GER"]
[SourceTitle "playchess.com"]
[Source "ChessBase"]
[SourceQuality "1"]
[WhiteTeam "Aachen"]
[BlackTeam "Viernheim"]

{[%evp 12,54,30,14,16,0,16,0,0,7,7,5,0,0,14,1,4,4,2,0,14,9,17,12,16,8,17,14,14,0,0,0,17,16,12,6,28,-147,-139,-334,-362,-565,-549,-624,-608]} 1. d4 d5 2. c4 e6 3. Nc3 Nf6 4. cxd5 Nxd5 5. e4 Nxc3 6. bxc3 c5 7. Rb1 {7.a3 is the modern continuation.} Be7 {D35: Queen's Gambit Declined: Exchange Variation.} 8. Nf3 O-O 9. Be2 cxd4 {The position is equal.} 10. cxd4 b6 11. O-O Bb7 12. Qd3 Nd7 13. Be3 Rc8 14. Rfc1 Rxc1+ 15. Rxc1 Qb8 16. Nd2 {[#]} Rd8 $146 ({Predecessor:} 16... Rc8 17. Rxc8+ Qxc8 18. f3 Qc7 {½-½ (18) Urkedal,F (2571)-Agdestein,S (2581) Norway 2018}) 17. f3 h6 18. Qb3 Rc8 19. Rxc8+ Qxc8 20. a4 Qc7 21. Nc4 h5 22. Na3 a6 23. Nc4 h4 24. d5 $2 (24. Bf2 $11) 24... exd5 $17 25. Nxb6 $2 {[#]} (25. exd5 $17 Bxd5 26. Qd3) 25... d4 $1 $19 {[%mdl 512]} 26. Nxd7 (26. Na8 $142 Bxa8 27. Bxd4) (26. Bxd4 Bc5) 26... dxe3 ({Not} 26... Qxd7 27. Bf2 $14) 27. Nb6 Qc1+ {Accuracy: White = 60%, Black = 100%.} 0-1

[Event "BL Meisterschaftsturnier 2020"]
[Site "Karlsruhe"]
[Date "2020.09.19"]
[Round "5.5"]
[White "Rapport, Richard"]
[Black "Van Foreest, Lucas"]
[Result "1/2-1/2"]
[WhiteElo "2760"]
[BlackElo "2531"]
[Annotator "TA"]
[PlyCount "135"]
[EventDate "2020.09.16"]
[EventType "team-tourn"]
[EventCountry "GER"]
[SourceTitle "playchess.com"]
[Source "ChessBase"]
[SourceQuality "1"]
[WhiteTeam "Baden-Baden"]
[BlackTeam "Werder Bremen"]

{[%evp 9,135,20,6,0,27,22,24,0,29,14,25,17,21,19,13,18,44,0,27,8,22,31,35,36,16,29,60,58,121,129,156,163,155,145,152,89,75,80,115,105,104,104,97,104,104,104,102,101,93,90,102,82,88,68,87,44,51,0,0,0,6,6,6,10,9,0,0,0,0,0,0,0,0,0,0,0,8,8,8,8,8,8,9,8,11,9,8,0,0,0,0,0,0,0,0,0,0,0,0,0,0,0,3,0,0,0,0,0,0,0,0,0,0,0,0,0,0,0,0,0,0,0,0,0,0,0,0,0]} 1. Nf3 d5 2. g3 e6 3. Bg2 Nf6 4. O-O Be7 5. d4 O-O 6. a3 {[#] D02: 1 d4 d5 2 Nf3 sidelines, including 2...Nf6 3 g3 and 2...Nf6 3 Bf4.} h6 $146 ({Predecessor:} 6... Nbd7 7. c4 dxc4 8. Nbd2 b5 9. a4 c6 10. axb5 cxb5 11. Ne5 Nxe5 12. Bxa8 Qxd4 13. Ne4 Qxd1 14. Nxf6+ Bxf6 15. Rxd1 {½-½ (49) Mamedyarov,S (2747)-Cheparinov,I (2684) Reykjavik 2016}) 7. c4 dxc4 8. Qa4 {White has an edge.} a6 9. Qxc4 b5 10. Qc2 Bb7 11. Bd2 Be4 12. Qc1 Nc6 13. Be3 Rc8 14. Rd1 b4 15. axb4 Nxb4 16. Nc3 Bh7 17. Bf4 Nfd5 18. Nxd5 exd5 ({Black should try} 18... Nxd5 $14 19. Rxa6 c5) 19. Bh3 $16 f5 20. Bd2 c5 {Strongly threatening ...cxd4.} 21. dxc5 Bxc5 {[#]} 22. Bxb4 ({Better is} 22. Bc3 $1) 22... Bxb4 23. Qe3 Qe8 24. Qxe8 Rcxe8 25. Nd4 ({Reject} 25. Rxa6 $6 Rxe2 26. Rxd5 f4 $11) 25... Rf6 26. Bg2 g5 27. Bxd5+ Kh8 28. Nc6 Bf8 29. Kf1 Bg8 30. Rac1 ({Of course not} 30. Rxa6 Rd6 $11) 30... Rc8 31. Bg2 Bg7 32. h3 Rf7 33. Nd8 (33. Ra1 $14) 33... Rd7 $11 {Threatens to win with ...Rxc1.The position is equal.} 34. Nc6 Rxd1+ (34... Rf7 {keeps more tension.}) 35. Rxd1 Bxb2 36. Bf3 Rc7 37. Rd2 Bc3 38. Rd3 Bf6 39. Rd6 Kg7 40. Na5 Rc1+ 41. Kg2 Ra1 42. Rxa6 Bc3 43. Ra7+ Kf6 $132 {[%mdl 2048] Black is not keeping still} 44. Nc6 Rxa7 45. Nxa7 {[%mdl 4096] Endgame KBB-KBN} Bc4 46. e3 f4 47. exf4 gxf4 48. gxf4 Bd2 49. Kg3 Kf5 50. Bg4+ Ke4 51. f5 Bf4+ 52. Kg2 Bf7 53. h4 h5 54. Bh3 Be5 55. Nc6 Bd6 56. Kg1 Be8 57. Na5 Be7 58. Nc4 Kf4 59. Ne3 {Black must now prevent Nd5+.} Ke5 60. Ng2 Bc6 61. f4+ Kd4 62. Kh2 Bxg2 63. Kxg2 Bxh4 {[#] KB-KB} 64. f6 $1 {[%mdl 512]} Bxf6 {[#]} 65. Bg4 $1 {[%mdl 512]} hxg4 66. Kg3 {[#]} Be5 $1 67. fxe5 {e6 would kill now.} Kxe5 68. Kxg4 {Black defended with fortune. Accuracy: White = 91%, Black = 87%.} 1/2-1/2

[Event "BL Meisterschaftsturnier 2020"]
[Site "Karlsruhe"]
[Date "2020.09.19"]
[Round "5.5"]
[White "Zaragatski, Ilja"]
[Black "Klein, Felix"]
[Result "1-0"]
[WhiteElo "2517"]
[BlackElo "2307"]
[Annotator "TA"]
[PlyCount "53"]
[EventDate "2020.09.16"]
[EventType "team-tourn"]
[EventCountry "GER"]
[SourceTitle "playchess.com"]
[Source "ChessBase"]
[SourceQuality "1"]
[WhiteTeam "Viernheim"]
[BlackTeam "Aachen"]

{[%evp 15,53,14,16,12,17,0,0,0,27,27,42,46,46,8,80,73,66,48,86,64,52,62,70,61,61,29,64,66,420,423,1365,473,483,468,477,475,466,466,702,699]} 1. Nf3 d5 2. g3 Nf6 3. Bg2 e6 4. O-O Be7 5. b3 O-O 6. c4 c5 7. cxd5 Nxd5 8. Bb2 b6 9. d4 {A14: English Opening: 1...e6 with b3 by White.} Bb7 10. e4 Nf6 11. Nbd2 {The position is equal.} cxd4 12. e5 Nd5 13. Nxd4 Nc6 14. Ne4 Rc8 {[#]} (14... Nxd4 $11 {keeps the balance.} 15. Qxd4 Nb4) 15. Nb5 $146 ({Predecessor:} 15. Nxc6 Bxc6 16. Qg4 Kh8 17. Rfd1 Rc7 18. Rac1 Ba8 19. Nd6 Rxc1 20. Rxc1 Qd7 21. a4 {1-0 (54) Levin,E (2516)-Tang,A (2487) St Petersburg 2018}) 15... Ba6 16. a4 {[%cal Ba2a4,Ba4b5][%mdl 32]} Ncb4 17. Qg4 Nd3 18. Bd4 Bxb5 19. axb5 N5f4 20. gxf4 Qxd4 21. Rxa7 Bb4 $2 {[%mdl 8192] [#] This costs Black the game.} ({Black should play} 21... Qb4 $14) 22. Rd7 $1 $18 {[%mdl 512]} Nxf2 (22... Nxe5 $142 23. Nf6+ Kh8 24. Rxd4 Nxg4) (22... Qxd7 23. Nf6+) 23. Rxd4 (23. Nf6+ $142 Kh8 {[#]} 24. Qh4 $1 {[%mdl 576] Double Attack} (24. Rxd4 Nxg4 25. Nd7 Rfd8 $11) (24. Rxf2 Qe3 $16) 24... gxf6 25. Rxd4) 23... Nxg4 24. Rxb4 Ne3 25. Rf3 Rc1+ 26. Kf2 Nd1+ (26... Nd5 $142 27. Rc4 Rd1) 27. Kg3 {Accuracy: White = 79%, Black = 46%.} 1-0

[Event "BL Meisterschaftsturnier 2020"]
[Site "Karlsruhe"]
[Date "2020.09.19"]
[Round "5.6"]
[White "Spoelman, Wouter"]
[Black "Adams, Michael"]
[Result "0-1"]
[WhiteElo "2571"]
[BlackElo "2706"]
[Annotator "TA"]
[PlyCount "112"]
[EventDate "2020.09.16"]
[EventType "team-tourn"]
[EventCountry "GER"]
[SourceTitle "playchess.com"]
[Source "ChessBase"]
[SourceQuality "1"]
[WhiteTeam "Werder Bremen"]
[BlackTeam "Baden-Baden"]

{[%evp 13,112,14,16,5,16,18,11,0,0,-2,0,0,0,0,0,0,6,13,28,17,59,50,70,59,82,30,36,24,45,33,38,18,11,24,10,-7,-8,-7,-7,-8,0,-6,-22,-11,0,-29,2,0,10,18,0,-20,-22,-37,-33,-130,-123,-227,-227,-233,-225,-340,-347,-356,-356,-355,-345,-306,-336,-338,-303,-350,-339,-330,-326,-282,-181,-214,-160,-160,-160,-160,-160,-168,-194,-142,-67,-75,-74,-75,-24,-5269,-1672,-29979,-29981,-29981,-29982,-29982,-29983,-29985,-29984]} 1. c4 e5 2. Nc3 Nf6 3. Nf3 Nc6 4. e3 Bb4 5. Qc2 Bxc3 6. Qxc3 Qe7 7. Be2 {7.d4 is a critical line.} O-O 8. d4 {[%cal Rf3e5] A28: English Opening: Four Knights Variation.} exd4 9. Nxd4 Ne4 10. Qd3 {The position is equal.} Qb4+ 11. Kf1 Qe7 12. Nf5 {[#]} Qe5 $5 $146 {[%mdl 8] An interesting novelty.} ({Predecessor:} 12... Qe6 13. Ng3 f5 14. f3 d6 15. Kg1 Nc5 16. Qc3 Rf7 17. Bd2 a5 18. Nh5 f4 19. Re1 fxe3 20. Bxe3 Qe5 21. Qxe5 Nxe5 22. Bxc5 dxc5 23. f4 Nc6 {½-½ (23) Rydholm,L (2511)-Standke,W (2493) ICCF email 2018}) 13. Ng3 Nc5 14. Qb1 a5 15. b3 d5 16. Bb2 Qd6 17. cxd5 Qxd5 18. Qc2 b6 19. Rd1 (19. Bf3 $16 Qe6 20. Qc3) 19... Qe6 $11 20. Nh5 f6 21. Nf4 Qf7 22. Bh5 g6 $1 {[%cal Rg6h5]} 23. Bf3 Nb4 $1 {[%cal Rb4c2]} 24. Qc3 Ba6+ 25. Kg1 $132 {[%mdl 2048] White has counterplay} Rad8 26. Rxd8 Rxd8 27. Qxf6 Qxf6 28. Bxf6 Rd2 29. h4 Bb7 30. a3 {Threatens to win with Bxb7.} Nd5 31. Bxd5+ Bxd5 32. h5 Ne4 33. Bd4 Nxf2 34. Nxd5 ({White should try} 34. Bc3 $1 $15 Ra2 35. Rh2 Bxb3 36. hxg6 hxg6 37. Rh8+ Kf7 38. Rh7+ Ke8 39. Rxc7) 34... Nxh1 $17 35. Kxh1 (35. hxg6 $17 {was necessary.} hxg6 36. Nxc7) 35... c5 $19 36. Nf6+ Kf7 $1 37. hxg6+ (37. Bc3 $142 Rd3 {[%mdl 64] Double Attack} 38. Ne4) 37... hxg6 38. Bc3 Rd3 {[%mdl 64] Double Attack} 39. Ne4 Rxe3 40. Nd6+ Ke6 41. Nb5 Kd5 42. Kg1 Ke4 43. Kf2 Kd3 44. g4 Re7 45. Bf6 Rd7 {[%mdl 1024] Black has strong compensation.} 46. Kf3 Kc2 47. Kf4 {intending Kg5.} Rd5 ({Don't play} 47... Kxb3 48. Kg5 $15) 48. Ke4 Rd1 49. b4 axb4 (49... Rb1 $17 50. Nc3 Re1+ 51. Kd5 axb4 52. axb4 cxb4) 50. axb4 $15 cxb4 51. Nd4+ {[#]} Kb1 (51... Kc3 $1 $17 {White must now prevent ...b3.} 52. Nf5+ Kb3) 52. Bd8 $2 {[%mdl 8192] [#] Now White is beyond hope.} (52. Kf4 $11) 52... b3 $1 {[%mdl 512]} 53. Bxb6 (53. Nxb3 Rxd8) 53... b2 {Black mates.} 54. Nb5 Ka2 55. Nc3+ Kb3 56. Bd4 Rc1 {Accuracy: White = 70%, Black = 78%.} 0-1

[Event "BL Meisterschaftsturnier 2020"]
[Site "Karlsruhe"]
[Date "2020.09.19"]
[Round "5.6"]
[White "Lemmers, Oscar"]
[Black "Beikert, Guenther"]
[Result "1-0"]
[WhiteElo "2348"]
[BlackElo "2395"]
[Annotator "TA"]
[PlyCount "43"]
[EventDate "2020.09.16"]
[EventType "team-tourn"]
[EventCountry "GER"]
[SourceTitle "playchess.com"]
[Source "ChessBase"]
[SourceQuality "1"]
[WhiteTeam "Aachen"]
[BlackTeam "Viernheim"]

{[%evp 21,43,39,82,66,163,158,302,304,384,384,372,368,381,379,378,371,357,338,433,423,29996,141,29997,29998]} 1. e4 c5 2. c3 Nf6 3. e5 Nd5 4. d4 cxd4 5. Nf3 e6 6. cxd4 b6 7. Bd3 Ba6 8. O-O Be7 9. Nc3 Nxc3 10. bxc3 {[%cal Bb2c3,Bc3c4][%mdl 32]} Bxd3 11. Qxd3 d5 12. exd6 $1 {B22: Sicilian: 2 c3.} Qxd6 {[#]} ({Better is} 12... Bxd6 $14 13. d5 Be7) 13. Ba3 $1 $18 {[%cal Ra3d6][%mdl 512]} Qd5 (13... Qxa3 $16 {was worth a try.} 14. Qe4 Qa6 15. Qxa8 O-O) 14. c4 {White has a decisive advantage.} Qf5 15. Qxf5 exf5 16. Rfe1 Nc6 17. d5 Kd8 {[#]} 18. dxc6 $146 ({Predecessor:} 18. Bxe7+ Nxe7 19. Ng5 Kd7 20. Nxf7 Rhe8 21. Re6 Ng6 22. Rae1 Rxe6 23. Rxe6 Rc8 24. Nd6 {½-½ (35) Rupprecht,A (1970)-Kraft,V (1997) Bayern 2000}) 18... Bxa3 19. Rad1+ Kc7 20. Rd7+ {[%mdl 64] Double Attack} Kxc6 (20... Kc8 $18 21. Rxf7 Bb2) 21. Ne5+ {[%mdl 64] Double Attack} Kc5 {[#]} 22. Rb1 $1 {Black got outplayed after the opening. Accuracy: White = 100%, Black = 36%.} 1-0

[Event "BL Meisterschaftsturnier 2020"]
[Site "Karlsruhe"]
[Date "2020.09.19"]
[Round "5.7"]
[White "Naiditsch, Arkadij"]
[Black "Werle, Jan"]
[Result "1-0"]
[WhiteElo "2624"]
[BlackElo "2580"]
[Annotator "TA"]
[PlyCount "93"]
[EventDate "2020.09.16"]
[EventType "team-tourn"]
[EventCountry "GER"]
[SourceTitle "playchess.com"]
[Source "ChessBase"]
[SourceQuality "1"]
[WhiteTeam "Baden-Baden"]
[BlackTeam "Werder Bremen"]

{[%evp 17,93,-14,-4,-29,-19,-21,-14,-14,0,0,60,60,55,52,58,66,65,55,65,65,64,64,77,64,63,41,50,50,54,55,49,37,69,49,57,57,83,0,0,0,0,0,0,-47,-55,-72,0,-65,-66,-67,0,0,0,-293,-293,-295,-300,-300,-300,-283,-115,-95,0,-88,0,0,142,142,142,138,135,124,430,389,370,353,451,409]} 1. e4 e6 2. d4 d5 3. e5 c5 4. c3 Nc6 5. Nf3 Qb6 6. a3 c4 7. Nbd2 Na5 8. g3 Bd7 9. h4 Ne7 10. Bh3 {C02: French: Advance Variation.} Qc7 11. O-O Nc8 12. h5 {The position is equal.} h6 13. Nh4 Nb6 (13... Ne7 $11) 14. f4 $1 $14 Be7 15. Ndf3 $1 Nb3 16. Rb1 Nxc1 {[#]} 17. Qxc1 $146 ({Predecessor:} 17. Rxc1 O-O-O 18. f5 Qc6 19. fxe6 Bxe6 20. Nf5 Bf8 21. N3h4 Kb8 22. Kh2 Rg8 23. Ne3 {1-0 (37) Mircov,N (1698)-Alizada,E (1946) Isle of Man 2019}) 17... O-O-O 18. f5 exf5 19. Bxf5 Rdf8 20. Kg2 Rhg8 21. Qc2 Kb8 22. Bxd7 Qxd7 23. Rbe1 Bd8 24. Re2 a6 25. Rff2 Nc8 26. Qf5 Qc6 27. Qh3 (27. e6 $1 $16 {[%cal Re6f7]} fxe6 28. Qxe6) 27... g5 $1 $11 {Hoping for ...Ne7.} 28. hxg6 $1 fxg6 29. e6 Bc7 $1 {Strongly threatening ...g5.} 30. Nh2 {Rxf8 is the strong threat.} Rxf2+ $1 31. Rxf2 Ne7 (31... h5 $1 $17) 32. Qg4 (32. Ng4 $1 $11) 32... g5 $36 {[%mdl 2048] Black has the initiative.} 33. N4f3 h5 (33... Ka7 $15) 34. Qxh5 $11 Qxe6 35. Nxg5 $2 {[%mdl 8192]} (35. Ng4 $11) 35... Qe3 $19 {[%mdl 64] Double Attack} 36. Nhf3 Nf5 $1 37. g4 Ng3 38. Qh7 Re8 (38... Rf8 $19 {aiming for ...Ne4!} 39. Qc2 Ne4) 39. Qf7 Re7 ({Black should try} 39... Ne2 $1 $17 {[%cal Re2f4]} 40. Ne5 Rh8) 40. Qf6 {[#]} ({Not} 40. Qxd5 $2 Qc1 $19) (40. Qf8+ $11 {remains equal.} Re8 41. Qf6) 40... Re8 (40... Ne4 $1 $17 {[%mdl 512]} 41. Nxe4 dxe4 42. Qh8+ Ka7) 41. Ne5 $11 {Black must now prevent Qf4.} Qe1 {[#]} (41... Ne2 $11) 42. Qf7 $1 $16 {[%cal Rf7e8][%mdl 64] Double Attack} ({Weaker is} 42. Kxg3 Rxe5 43. Kg2 Re2 $11) 42... Rxe5 43. dxe5 Qxe5 {[#]} 44. Nf3 $1 {[%cal Rf3e5]} Qe4 $2 {[%mdl 8192]} (44... Qh8 $16 45. Nh2 Qe5) 45. Qf8+ Ka7 46. Qg7 Kb8 47. Qh8+ {Accuracy: White = 83%, Black = 62%.} 1-0